ទីណា​ ស្ដាប់មិនលឺ​ តែ... Tina cannot hear, yet... / (Record no. 1358)

MARC details
000 -LEADER
fixed length control field 02448nam a22002777a 4500
005 - DATE AND TIME OF LATEST TRANSACTION
control field 20250528095422.0
020 ## - INTERNATIONAL STANDARD BOOK NUMBER
International Standard Book Number 9789924340089
040 ## - CATALOGING SOURCE
Original cataloging agency FISKH
Language of cataloging eng
Transcribing agency FISKH
Modifying agency FISKH
082 ## - DEWEY DECIMAL CLASSIFICATION NUMBER
Edition number 371.91
100 ## - MAIN ENTRY--PERSONAL NAME
Personal name Geystelen, Judit Van
245 ## - TITLE STATEMENT
Title ទីណា​ ស្ដាប់មិនលឺ​ តែ... Tina cannot hear, yet... /
Statement of responsibility, etc. គំនិតផ្ដួចផ្ដើម និងរៀបរៀងអត្ថបទ Project Initiative and Text Judit van Geystelen - រូបថត Photography Ung Nita - បកប្រែពីភាសាអង់គ្លេសដោយ អ៊ូច សូលីដា Translation from English by Ouch Solida
250 ## - EDITION STATEMENT
Edition statement បោះពុម្ពលើកទី ៤ ខែមិថុនា ឆ្នាំ​២០២២
260 ## - PUBLICATION, DISTRIBUTION, ETC.
Place of publication, distribution, etc. Phnom Penh :
Name of publisher, distributor, etc. Sipar,
Date of publication, distribution, etc. 2022.
300 ## - PHYSICAL DESCRIPTION
Extent 31 pages :
Other physical details color illustrations ;
Dimensions 18 x 25 cm
505 ## - FORMATTED CONTENTS NOTE
Formatted contents note P<br/>
520 ## - SUMMARY, ETC.
Summary, etc. ទីណាមានអាយុ ១៤ឆ្នាំ ហើយរស់នៅប្រទេសកម្ពុជា។ គេទៅសាលា ចូលចិត្តលេងជាមួយមិត្ត និងចង់ធ្វើដំណើរជំវិញពិភពលោក នៅពេលដែលគេធំឡើង។ ដូចជាក្មេងដ៏ទៃភាគច្រើនដែលមានអាយុដូចគ្នាដែរ ទីណាមានភាពរិករាយក្នុងជិវិត និងមានក្ដីសុបិន្តអំពីអនាគតរបស់គេ។ ប៉ុន្តែមានអ្វីម្យ់ាងដែលធ្វើឳ្យទីណាខុសគេ។ គេរស់នៅជាមួយពិការភាព គឺគេគថ្លង់។
520 ## - SUMMARY, ETC.
Summary, etc. Tina is 14 years old and lives in Cambodia. He goes to school, likes to hang out with his friends and would like to travel around the world when he grows up! Like most children of his age, Tina enjoys life and has dreams about his future. Yet, something is different about Tina. Tina lives with disability, He is deaf.
521 ## - TARGET AUDIENCE NOTE
Target audience note 600<br/><br/>
Source Lexile estimate<br/>
521 ## - TARGET AUDIENCE NOTE
Target audience note P<br/>
Source Raz-Plus<br/>
650 ## - SUBJECT ADDED ENTRY--TOPICAL TERM
Topical term or geographic name entry element ពិការភាព
Form subdivision ក្ដីសុបិន្ត
General subdivision ដើរលេង
650 ## - SUBJECT ADDED ENTRY--TOPICAL TERM
Topical term or geographic name entry element Disability
Form subdivision Dream
General subdivision Travel
700 ## - ADDED ENTRY--PERSONAL NAME
Personal name Nita, Ung
Titles and other words associated with a name illustrator
700 ## - ADDED ENTRY--PERSONAL NAME
Personal name Solida, Ouch
Titles and other words associated with a name Translator
942 ## - ADDED ENTRY ELEMENTS (KOHA)
Source of classification or shelving scheme Dewey Decimal Classification
Koha item type Books
Suppress in OPAC No
999 ## -
-- 1358
-- 1358
Holdings
Withdrawn status Lost status Source of classification or shelving scheme Damaged status Not for loan Collection Home library Current library Shelving location Date acquired Total Checkouts Full call number Barcode Date last seen Copy number Price effective from Koha item type
    Dewey Decimal Classification     Khmer-English Bilingual / ភាសាខ្មែរ-អង់គ្លេស Footprints International School Library Network Toul Kork Campus Footprints International School Library Network Toul Kork Campus TK Campus, Room B402, Khmer Book Case 16, Shelves 112-123 / ទូរសៀវភៅខ្មែរលេខ ១៦​ ធ្នើរ ១១២ ដល់ ១២៣ បន្ទប់ B402 សាខាទួលគោក 08/21/2023   GEY 371.91 2023-0301 08/21/2023 2 08/21/2023 Books
    Dewey Decimal Classification     Khmer-English Bilingual / ភាសាខ្មែរ-អង់គ្លេស Footprints International School Library Network Toul Tom Poung Campus Footprints International School Library Network Toul Tom Poung Campus TTP Primary Khmer Bookshelves 08/21/2023   GEY 371.91 2023-0300 08/21/2023 1 08/21/2023 Books